Governance and Poverty in Pakistan (Record no. 348827)
[ view plain ]
| 000 -LEADER | |
|---|---|
| fixed length control field | 00409 a2200133 4500 |
| 020 ## - INTERNATIONAL STANDARD BOOK NUMBER | |
| International Standard Book Number | 9789698121068 |
| 082 ## - DEWEY DECIMAL CLASSIFICATION NUMBER | |
| Classification number | 338.46095491 |
| 090 ## - LOCALLY ASSIGNED LC-TYPE CALL NUMBER (OCLC); LOCAL CALL NUMBER (RLIN) | |
| -- | 6465 |
| -- | 6465 |
| 100 ## - MAIN ENTRY--PERSONAL NAME | |
| Personal name | Khawaja, Sarfarz; Khawaja, Aqila |
| 245 ## - TITLE STATEMENT | |
| Title | Governance and Poverty in Pakistan |
| Remainder of title | Some Reflections 2000- 2006 |
| Statement of responsibility, etc. | Sarfraz Khawaja |
| Medium | Aqila Khawaja |
| 260 ## - PUBLICATION, DISTRIBUTION, ETC. | |
| Place of publication, distribution, etc. | Islamabad |
| Name of publisher, distributor, etc. | Mr. Books |
| Date of publication, distribution, etc. | 2007 |
| 300 ## - PHYSICAL DESCRIPTION | |
| Extent | 161 |
| 942 ## - ADDED ENTRY ELEMENTS (KOHA) | |
| Institution code [OBSOLETE] | NBS |
| Koha item type | Book |
| Call number prefix | 338.46095491 KHA |
| Withdrawn status | Lost status | Damaged status | Not for loan | Permanent Location | Current Location | Date acquired | Total Checkouts | Full call number | Barcode | Date last seen | Date last checked out | Price effective from | Koha item type |
|---|---|---|---|---|---|---|---|---|---|---|---|---|---|
| Central Library (CL) | Central Library (CL) | 08/28/2013 | 3 | 338.46095491 KHA | NBSD-1857 | 10/27/2020 | 02/13/2020 | 08/28/2013 | Book |
